Die Ferienwelt ist vorbei - Statystyki

Ogólne statystyki
  • Ten quiz został rozwiązany 7 razy
  • Średni wynik to 5 z 10
Statystyki odpowiedzi
Hint Odpowiedź % Poprawnych
Gdzie byłeś na wakacjach? Wo warst du in den Sommerferien?
100%
Adam zapomniał odrobić pracę domową Adam hat vergessen seine Hausaufgaben zu machen
50%
Niemożliwe jest nauczyć się wielu języków obcych Es ist unmöglich, viele Fremdsprachen zu lernen
50%
Zamierzasz rozpocząć studia? Hast du vor, ein Studium zu beginnen?
50%
Pomogłem mu napisać to wypracowanie Ich habe ihm geholfen, diesen Aufsatz zu schreiben
50%
Mam zamiar mieszkać za granicą Ich habe vor, im Ausland zu leben.
50%
Moja mama ma życzenie odwiedzić brata w Paryżu Meine Mutter hat Lust, ihren Bruder in Paris zu besuchen
50%
Jakie masz plany na nowy rok szkolny? Was planst du für das neue Schuljahr?
50%
Ile kosztuje bilet grupowy? Wie viel kostet ein Gruppenticket?
50%
Zabytki Berlina to: Brama Brandenburska, Zegar Świata, Parlament i Wieża Telewizyjna Berliner Sehenswürdigkeiten sind: das Brandenburger Tor, die Weltzeituhr, der Reichstag und der Fernsehturm
25%
Nie znaleziono quizów pasujących do podanych kryteriów
Rozkład punktacji
Procent ludzi z każdym wynikiem
Percentyl według liczby udzielonych odpowiedzi
Twoja historia wyników
Nie rozwiązałeś tego quizu